CFB All Time Receiving Yards Leaders - Statistics

General Stats
  • This quiz has been taken 6 times
  • The average score is 1 of 31
Answer Stats
Hint Answer % Correct
(Alabama)3,965 Yards DeVonta Smith
67%
(Western Michigan)5,285 Yards Corey Davis
33%
(Troy->Oregon)3,889 Yards Tez Johnson
33%
(Pacific)4,345 Yards Aaron Turner
0%
(Marshall)4,031 Yards Darius Watts
0%
(Arizona State)3,939 Yards Derek Hagan
0%
(Nevada)4,249 Yards Geoff Noisy
0%
(Hawaii)4,345 Yards Greg Salas
0%
(UTEP->Arizona)4,477 Yards Jacob Cowing
0%
(SMU)3,949Yards James Proche
0%
(Oklahoma State)4,472 Yards James Washington
0%
(Rice)4,138 Yards Jarett Dillard
0%
(Hawaii)3,919 Yards Jason Rivers
0%
(Western Michigan)4,187 Yards Jordan White
0%
(Marshall)3,889 Yards Josh Davis
0%
(East Carolina)4,541 Yards Justin Hardy
0%
(Baylor)4,004 Yards Kendall Wright
0%
(Wyoming)4,518 Yards Marcus Harris
0%
(Oregon State)3,924 Yards Mike Hass
0%
(Houston)4,507 Yards Patrick Edwards
0%
(Oklahoma State)4,414 Yards Rashaun Woods
0%
(Oklahoma)4,586 Yards Ryan Broyles
0%
(Wyoming)4,357 Yards Ryan Yarborough
0%
(Western Kentucky)4,234 Yards Taywan Taylor
0%
(New Mexico)4,254 Yards Terance Mathis
0%
(Louisiana Tech)4,179 Yards Trent Taylor
0%
(Nebraska)5,005 Yards Trevor Insley
0%
(Louisiana Tech)4,352 Yards Troy Edwards
0%
(Stanford)3,986 Yards Troy Walters
0%
(UTSA->Ole Miss->Illinois)4,038 Yards Zakhari Franklin
0%
(East Carolina)4,279 Yards Zay Jones
0%
No matching quizzes found
Score Distribution
Percent of People with Each Score
Percentile by Number Answered
Your Score History
You have not taken this quiz